| 000 | 00579nam a22001937a 4500 | ||
|---|---|---|---|
| 005 | 20240814173959.0 | ||
| 008 | s1978 eng d | ||
| 041 | _aeng | ||
| 245 | 1 | 0 | _aStanding orders of the House of Representatives of the Republic of Indonesia |
| 260 | 3 |
_aS.l. : _b\The \\Secretariat of D.P.R.-R.I., _c1978 |
|
| 300 |
_a110 p. ; _b 18 cm. |
||
| 650 | 0 | 4 | _aParliamentary practice -- Indonesia |
| 650 | 0 | 4 | _aStanding orders |
| 850 | _aNALT | ||
| 942 | _cLB | ||
| 997 | _c000000000020977 | ||
| 998 |
_aBENJALUCK _j25 _k นีลวัสน์ อินทรักษา |
||
| 999 |
_c20977 _d20977 |
||
| 090 | _aKD219.I5.4 I52S 1978 | ||